[Event "SVR-op"]
[Site "Hennweiler"]
[Date "2018.03.30"]
[Round "6"]
[White "Burg, Ernst"]
[Black "Wehner, Fred"]
[Result "0-1"]
[WhiteElo "1703"]
[BlackElo "1980"]
[PlyCount "56"]
[EventDate "2018.03.24"]
[EventType "swiss"]
[EventRounds "7"]
[EventCountry "GER"]
[SourceTitle "EXT 2020"]
[Source "ChessBase"]
[SourceDate "2019.10.17"]
[SourceVersion "1"]
[SourceVersionDate "2019.10.17"]
[SourceQuality "1"]

1. e4 d6 2. Bc4 Nf6 3. d3 g6 4. Nc3 c6 5. Nge2 Bg7 6. a4 a5 7. 0-0 0-0 8. Ng3 e5 9. h3 d5 10. exd5 cxd5 11. Bb3 Be6 12. f4 Nc6 13. f5 gxf5 14. Nxf5 Bxf5 15. Rxf5 Nd4 16. Rxe5 Nxb3 17. cxb3 Ne4 18. Qg4 Qb6+ 19. Kh2 Kh8 20. Rh5 Nf6 21. Qf3 Nxh5 22. Qxh5 Qd6+ 23. g3 Be5 24. Ne2 Qf6 25. Bf4 Bxf4 26. gxf4 Rae8 27. d4 Rg8 28. f5 Rg5 0-1

[Event "SVR-op"]
[Site "Hennweiler"]
[Date "2018.03.25"]
[Round "3"]
[White "Wehner, Fred"]
[Black "Derlich, Manfred"]
[Result "0-1"]
[WhiteElo "1980"]
[BlackElo "1863"]
[PlyCount "96"]
[EventDate "2018.03.24"]
[EventType "swiss"]
[EventRounds "7"]
[EventCountry "GER"]
[SourceTitle "EXT 2020"]
[Source "ChessBase"]
[SourceDate "2019.10.17"]
[SourceVersion "1"]
[SourceVersionDate "2019.10.17"]
[SourceQuality "1"]

1. Nf3 c5 2. g3 Nc6 3. Bg2 g6 4. 0-0 Bg7 5. d3 d6 6. c3 e5 7. Qb3 Nge7 8. Ng5 0-0 9. f4 h6 10. Ne4 Na5 11. Qa4 Nac6 12. fxe5 Nxe5 13. Nf6+ Bxf6 14. Rxf6 Nf5 15. Rxf5 Bxf5 16. Bxh6 Re8 17. Qf4 Ng4 18. Bg5 f6 19. Bd5+ Kg7 20. Bh4 Rxe2 21. Nd2 Qd7 22. Ne4 Bxe4 23. Bxe4 Qe6 24. Rf1 f5 25. Bf3 Re1 26. Bxg4 Rxf1+ 27. Qxf1 fxg4 28. Bg5 Qf7 29. Bh6+ Kg8 30. Qe2 Re8 31. Qf2 Qxf2+ 32. Kxf2 Kf7 33. Bf4 Ke6 34. Be3 Rh8 35. Kg2 Rf8 36. Bf4 Rh8 37. Be3 b5 38. b3 a5 39. a3 Kd5 40. Bf4 Kc6 41. Bg5 d5 42. d4 cxd4 43. cxd4 Kb6 44. Be7 Re8 45. Bc5+ Kc6 46. Kf2 Re6 47. Ba7 b4 48. a4 Rf6+ 0-1

[Event "Oberliga Sued W 0809"]
[Site "Germany"]
[Date "2008.11.30"]
[Round "3.7"]
[White "Ziegler, Mario"]
[Black "Wehner, Fred"]
[Result "0-1"]
[WhiteElo "2118"]
[BlackElo "1937"]
[PlyCount "76"]
[EventDate "2008.10.05"]
[EventType "team-tourn"]
[EventRounds "11"]
[EventCountry "GER"]
[SourceTitle "EXT 2012"]
[Source "ChessBase"]
[SourceDate "2011.11.24"]
[SourceVersion "1"]
[SourceVersionDate "2011.11.24"]
[SourceQuality "1"]
[WhiteTeam "Schwarzenbach"]
[BlackTeam "Kaiserslautern"]
[WhiteTeamCountry "GER"]
[BlackTeamCountry "GER"]

1. d4 Nf6 2. Nf3 g6 3. c4 Bg7 4. Nc3 0-0 5. e4 d6 6. Be2 Nbd7 7. 0-0 e5 8. d5 Nc5 9. Nd2 a5 10. b3 Ne8 11. Rb1 f5 12. f3 Qg5 13. a3 Qe3+ 14. Kh1 Qxc3 15. b4 Nd3 16. Bxd3 Qxd3 17. Rb3 Qd4 18. c5 Bh6 19. Qe2 fxe4 20. Rd1 Bxd2 21. Rxd2 exf3 22. Rxf3 Qg4 23. Rxf8+ Kxf8 24. Qf1+ Bf5 25. h3 Qe4 26. Kg1 h5 27. Rf2 axb4 28. axb4 Nf6 29. cxd6 cxd6 30. Qd1 Qxb4 31. Bg5 Kg7 32. Qc1 Ne8 33. Bh6+ Kh7 34. Qg5 Qd4 35. Bf8 Ra1+ 36. Kh2 Qxf2 37. Qe7+ Kg8 38. Qxe8 Qf4+ 0-1